Probability and Statistics in the Engineering and Computing Science
| Main Authors: | , |
|---|---|
| Format: | Section = Libro |
| Language: | Undetermined Spanish |
| Published: |
London
McGraw-Hill
1986
|
| Subjects: |
| LEADER | 00704nam a2200241Ia 4500 | ||
|---|---|---|---|
| 008 | 240830s9999 xx 000 0 und d | ||
| 020 | |a 0-07-042351-2 | ||
| 040 | |a CEDOC FIQ-RUSB / 511 M662 | ||
| 041 | |a spa | ||
| 082 | |a 511 M662 | ||
| 100 | 1 | |a Milton, J.S. | |
| 100 | 1 | |b Arnold, Jesse C. | |
| 245 | 1 | 0 | |a Probability and Statistics in the Engineering and Computing Science |
| 260 | |a London |b McGraw-Hill |c 1986 | ||
| 300 | |a 643 p.: il. | ||
| 650 | 7 | |a ANÁLISIS NÚMERICO | |
| 650 | 7 | |b NÚMEROS UTILIZADOS EN ELECTRÓNICA DIGITAL | |
| 650 | 7 | |c CÓDIGOS BINARIOS | |
| 650 | 7 | |d PUERTAS LÓGICAS BÁSICAS | |
| 650 | 7 | |e OTRAS PUERTAS LÓGICAS | |
| 942 | |c BK |2 ddc | ||
| 991 | |a TEXTO | ||
| 999 | |c 13150 | ||